| 000 | 00742cam a2200205 4500 | ||
|---|---|---|---|
| 001 | WB3743-34 | ||
| 008 | 011114n2001 000 0 eng u | ||
| 035 | _a(Sirsi) u115607 | ||
| 245 | _aRICS EGM approves reforms | ||
| 260 | _c2001 | ||
| 490 |
_aRICS Press Release _v(142) 12 November 2001, (3) |
||
| 520 | _aIn an EGM held at RICS headquarters in London on 12 November 2001, RICS members voted overwhelmingly to support a range of reforms that will streamline RICS' business management and delivery of services to its members. Seven special resolutions were approved. | ||
| 590 | _aWB | ||
| 650 | _aEGM | ||
| 650 | _aRICS | ||
| 650 | _aMANAGEMENT-BUSINESS MANAGEMENT | ||
| 650 | _aSERVICES | ||
| 690 | _aRICS NEWS | ||
| 942 | _n0 | ||
| 999 |
_c68857 _d68857 |
||